|
|
|
|
| LEADER |
00000nam0a2200000 4500 |
| 001 |
46957 |
| 005 |
20231101211047.0 |
| 010 |
|
|
|a 5836500347
|
| 035 |
|
|
|a (RuTPU)RU\TPU\book\49034
|
| 090 |
|
|
|a 46957
|
| 100 |
|
|
|a 20030129d2000 k y0rusy50 ca
|
| 101 |
0 |
|
|a rus
|
| 102 |
|
|
|a RU
|
| 105 |
|
|
|a a z 001zy
|
| 200 |
1 |
|
|a Инновационная разработка нефтяных месторождений
|f В. Д. Лысенко
|
| 210 |
|
|
|a Москва
|c Недра
|d 2000
|
| 215 |
|
|
|a 516 с.
|c ил.
|
| 320 |
|
|
|a Библиогр.: с. 513.
|
| 606 |
1 |
|
|a Нефтяные скважины
|x Производительность
|2 stltpush
|3 (RuTPU)RU\TPU\subj\46124
|9 65309
|
| 610 |
1 |
|
|a нефтяные месторождения
|
| 610 |
1 |
|
|a разработка
|
| 610 |
1 |
|
|a проектирование
|
| 610 |
1 |
|
|a инновационные методы
|
| 610 |
1 |
|
|a нефть
|
| 610 |
1 |
|
|a трудноизвлекаемые запасы
|
| 610 |
1 |
|
|a нефтяные пласты
|
| 610 |
1 |
|
|a низкая продуктивность
|
| 610 |
1 |
|
|a интенсификация
|
| 610 |
1 |
|
|a горизонтальные скважины
|
| 610 |
1 |
|
|a моделирование
|
| 675 |
|
|
|a 622.276.6
|v 3
|
| 700 |
|
1 |
|a Лысенко
|b В. Д.
|g Владимир Дмитриевич
|
| 801 |
|
1 |
|a RU
|b 63413507
|c 20030129
|g PSBO
|
| 801 |
|
2 |
|a RU
|b 63413507
|c 20220112
|g PSBO
|
| 900 |
|
|
|a Разработка нефтяных и газовых месторождений
|
| 942 |
|
|
|c BK
|